[Event "4NCL/Div4/NOTT1 vs. CELT"]
[Site "Nottingham ENG"]
[Date "2007.03.25"]
[Round "8.1"]
[White "Richmond, Robert J"]
[Black "Hoffmann, Hendrik"]
[Result "1-0"]
[WhiteElo "2227"]
[BlackElo "2330"]
[PlyCount "151"]
[EventDate "2007.03.25"]
[EventType "team"]
[EventRounds "11"]
[EventCountry "ENG"]
[WhiteTeam "Notts 1"]
[BlackTeam "Celtic Tigers"]

1. d4 Nf6 2. c4 g6 3. Nc3 Bg7 4. e4 d6 5. f4 O-O 6. Nf3 c5 7. d5 b5 8. cxb5 a6
9. a4 e6 10. dxe6 Bxe6 11. e5 dxe5 12. Qxd8 Rxd8 13. Nxe5 Ng4 14. Nxg4 Bxg4 15.
Be3 Bd4 16. Kf2 Bxe3+ 17. Kxe3 Ra7 18. h3 Re7+ 19. Kf2 Rd2+ 20. Kg3 Bc8 21. Rd1
Rxd1 22. Nxd1 Re1 23. Nf2 Re3+ 24. Kh2 Rb3 25. Bc4 Rxb2 26. Rd1 axb5 27. Rd8+
Kg7 28. Nd3 Rd2 29. axb5 Bb7 30. Rxb8 Rxg2+ 31. Kh1 Be4 32. Re8 Bb7 33. Nxc5
Bf3 34. Re3 Rg3+ 35. Rxf3 Rxf3 36. b6 Rxf4 37. Ba6 Rb4 38. b7 Kf6 39. Nd7+ Kg5
40. b8=Q Rxb8 41. Nxb8 Kh4 42. Kg2 g5 43. Nc6 g4 44. hxg4 Kxg4 45. Ne5+ Kf4 46.
Nxf7 h5 47. Bd3 h4 48. Kh3 Ke3 49. Bg6 Kf4 50. Kxh4 Kf3 51. Kg5 Ke3 52. Kf5 Kd4
53. Ng5 Kd5 54. Nf3 Kd6 55. Bf7 Ke7 56. Ba2 Kd6 57. Nd2 Kc6 58. Ke5 Kc5 59.
Ne4+ Kb5 60. Kd4 Kb4 61. Bc4 Ka3 62. Kc3 Ka4 63. Nd6 Ka5 64. Bb5 Kb6 65. Kb4
Kc7 66. Kc5 Kd8 67. Nf5 Kc7 68. Nd4 Kd8 69. Kd6 Kc8 70. Bc6 Kd8 71. Ne6+ Kc8
72. Kc5 Kb8 73. Kb6 Kc8 74. Ba4 Kb8 75. Bd7 Ka8 76. Nc5 1-0

[Event "4NCL/Div4/NOTT1 vs. CELT"]
[Site "Nottingham ENG"]
[Date "2007.03.25"]
[Round "8.2"]
[White "Kemp, Peter D"]
[Black "Walker, Tim D"]
[Result "1-0"]
[WhiteElo "2192"]
[BlackElo "2085"]
[PlyCount "67"]
[EventDate "2007.03.25"]
[EventType "team"]
[EventRounds "11"]
[EventCountry "ENG"]
[WhiteTeam "Celtic Tigers"]
[BlackTeam "Notts 1"]

1. d4 Nf6 2. c4 e6 3. Nf3 b6 4. g3 Ba6 5. b3 Bb4+ 6. Bd2 Be7 7. Bg2 c6 8. O-O
d5 9. Ne5 O-O 10. Bc3 Nfd7 11. cxd5 cxd5 12. Nd2 Nxe5 13. dxe5 Nc6 14. Nf3 Rc8
15. Qd2 d4 16. Nxd4 Nxd4 17. Bxd4 Bxe2 18. Qxe2 Qxd4 19. Rad1 Qc5 20. Rd7 b5
21. Rfd1 Bd8 22. b4 Qxb4 23. Rxa7 Bb6 24. Rb7 Rb8 25. Rxb8 Rxb8 26. Bc6 Bc5 27.
Rd7 g6 28. Kg2 Rb6 29. Qf3 Be7 30. Ra7 Qc5 31. Be8 Qd5 32. Rxe7 Qxf3+ 33. Kxf3
Kf8 34. Rxf7+ 1-0

[Event "4NCL/Div4/NOTT1 vs. CELT"]
[Site "Nottingham ENG"]
[Date "2007.03.25"]
[Round "8.3"]
[White "Levens, David"]
[Black "Thomas, Robert K"]
[Result "1-0"]
[WhiteElo "2085"]
[BlackElo "2137"]
[PlyCount "57"]
[EventDate "2007.03.25"]
[EventType "team"]
[EventRounds "11"]
[EventCountry "ENG"]
[WhiteTeam "Notts 1"]
[BlackTeam "Celtic Tigers"]

1. e4 e6 2. d4 d5 3. Nc3 dxe4 4. Nxe4 Bd7 5. Nf3 Bc6 6. Bd3 Nd7 7. O-O Ngf6 8.
Nxf6+ gxf6 9. c4 Bxf3 10. Qxf3 c5 11. d5 Ne5 12. Qe4 Nxd3 13. Qxd3 Qd7 14. Bf4
O-O-O 15. Rfd1 e5 16. Be3 f5 17. b4 cxb4 18. Bxa7 Rg8 19. Bb6 e4 20. Qf1 f4 21.
c5 Qf5 22. Bxd8 Kxd8 23. c6 Bd6 24. Rac1 b6 25. c7+ Bxc7 26. d6 Bb8 27. Qa6 e3
28. Qxb6+ Kd7 29. Qb7+ 1-0

[Event "4NCL/Div4/NOTT1 vs. CELT"]
[Site "Nottingham ENG"]
[Date "2007.03.25"]
[Round "8.4"]
[White "Haldane, Robin"]
[Black "Truman, Richard G"]
[Result "0-1"]
[WhiteElo "2122"]
[BlackElo "2027"]
[PlyCount "158"]
[EventDate "2007.03.25"]
[EventType "team"]
[EventRounds "11"]
[EventCountry "ENG"]
[WhiteTeam "Celtic Tigers"]
[BlackTeam "Notts 1"]

1. e4 c5 2. d4 cxd4 3. Nf3 d6 4. Nxd4 Nf6 5. Nc3 a6 6. Bg5 e6 7. f4 Be7 8. Qf3
Qc7 9. O-O-O Nbd7 10. Bd3 h6 11. Bh4 g5 12. fxg5 Ne5 13. Qe2 Nfg4 14. Nf3 hxg5
15. Bxg5 Bxg5+ 16. Nxg5 Qc5 17. Nh3 Bd7 18. Rde1 b5 19. Nd1 b4 20. Ndf2 Nxf2
21. Nxf2 a5 22. Qe3 Qc7 23. Kb1 a4 24. Qd4 Rg8 25. Rhg1 Rb8 26. Rc1 Ke7 27. Be2
Bb5 28. Bxb5 Rxb5 29. c4 bxc3 30. Rxc3 Qb7 31. Rgc1 Kf6 32. Rc7 Qb6 33. Qxb6
Rxb6 34. g3 Rb4 35. Rf1 Kg6 36. h4 Rgb8 37. Rc2 Nc4 38. Nd3 Na3+ 39. Kc1 Nxc2
40. Kxc2 Rc4+ 41. Kd2 Rxe4 42. Rb1 Kh5 43. b4 axb3 44. axb3 Rb5 45. b4 Rg4 46.
Rg1 Rf5 47. Ke3 Kh6 48. Ke2 Re4+ 49. Kd2 Rd5 50. Rb1 Rg4 51. b5 Rxg3 52. Rb3
Rgxd3+ 53. Rxd3 Rxb5 54. Rxd6 Rb4 55. Rd7 Kg7 56. h5 Rh4 57. Ke3 Rxh5 58. Ke4
Kf6 59. Ra7 Rh4+ 60. Kf3 e5 61. Ke3 Kg6 62. Re7 f6 63. Kf3 Kf5 64. Rf7 Ra4 65.
Rf8 Ra3+ 66. Kf2 Kg5 67. Rf7 f5 68. Rf8 Kf4 69. Rh8 Ra2+ 70. Kf1 Ke4 71. Rb8 f4
72. Rb5 f3 73. Rb4+ Ke3 74. Rb3+ Kf4 75. Rb8 e4 76. Rf8+ Ke3 77. Kg1 Ra1+ 78.
Kh2 f2 79. Kg2 Rg1+ 0-1

[Event "4NCL/Div4/NOTT1 vs. CELT"]
[Site "Nottingham ENG"]
[Date "2007.03.25"]
[Round "8.5"]
[White "Burke, Steven J"]
[Black "French, Angus"]
[Result "1-0"]
[WhiteElo "2055"]
[BlackElo "2105"]
[PlyCount "53"]
[EventDate "2007.03.25"]
[EventType "team"]
[EventRounds "11"]
[EventCountry "ENG"]
[WhiteTeam "Notts 1"]
[BlackTeam "Celtic Tigers"]

1. d4 d5 2. e4 dxe4 3. Nc3 Nf6 4. f3 exf3 5. Nxf3 Bg4 6. Bc4 e6 7. O-O Be7 8.
Be3 c6 9. Qe1 Nbd7 10. Qg3 Bf5 11. Ng5 Nd5 12. Nxd5 cxd5 13. Bxd5 exd5 14. Rxf5
Nf6 15. Re1 O-O 16. Qh3 h6 17. Nf3 Ne4 18. Bxh6 gxh6 19. Qxh6 Qd6 20. Qh3 Rfd8
21. Ne5 Bf6 22. Qh5 Qe7 23. Re3 Bxe5 24. dxe5 Qe6 25. Rh3 Kf8 26. Rhf3 Kg8 27.
Rxf7 1-0

[Event "4NCL/Div4/NOTT1 vs. CELT"]
[Site "Nottingham ENG"]
[Date "2007.03.25"]
[Round "8.6"]
[White "Fathallah, Joe"]
[Black "Lakhani, Kishan"]
[Result "1-0"]
[WhiteElo "1922"]
[BlackElo "1968"]
[PlyCount "79"]
[EventDate "2007.03.25"]
[EventType "team"]
[EventRounds "11"]
[EventCountry "ENG"]
[WhiteTeam "Celtic Tigers"]
[BlackTeam "Notts 1"]

1. d4 Nf6 2. c4 g6 3. Nc3 Bg7 4. e4 d6 5. f3 O-O 6. Be3 e5 7. d5 c6 8. Nge2
cxd5 9. cxd5 Bd7 10. Qd2 b5 11. g4 h5 12. gxh5 Nxh5 13. Ng3 Qh4 14. Bg5 Bh6 15.
Bxh4 Bxd2+ 16. Kxd2 Nxg3 17. Bxg3 a6 18. Bd3 Bh3 19. Ke2 Nd7 20. Rhc1 f5 21.
Nd1 Nc5 22. Nf2 Bg2 23. exf5 Nxd3 24. Nxd3 Rxf5 25. Ne1 Bh1 26. Rc6 Rd8 27.
Rac1 e4 28. Bxd6 exf3+ 29. Kf2 Rxd5 30. Bb4 Rd4 31. Bc3 Rf4 32. Rxg6+ Kf7 33.
Rg1 b4 34. Rxh1 bxc3 35. Rc2 cxb2 36. Rxb2 Rf6 37. Rg1 Rh8 38. Rb7+ Ke6 39.
Rb6+ Ke5 40. Nxf3+ 1-0

[Event "4NCL/Div4/MET vs. HC"]
[Site "Nottingham ENG"]
[Date "2007.03.25"]
[Round "8.1"]
[White "Dickson, George"]
[Black "Tavoularis, Nicholas"]
[Result "0-1"]
[WhiteElo "2174"]
[BlackElo "2265"]
[PlyCount "122"]
[EventDate "2007.03.25"]
[EventType "team"]
[EventRounds "11"]
[EventCountry "ENG"]
[WhiteTeam "Metropolitan"]
[BlackTeam "H Coventry"]

1. e4 d5 2. exd5 Qxd5 3. d4 e5 4. Nc3 Bb4 5. a3 Bxc3+ 6. bxc3 Nc6 7. Nf3 e4 8.
Nd2 Nf6 9. Bc4 Qa5 10. Bb2 Qg5 11. g3 Bh3 12. Bf1 Bxf1 13. Nxf1 O-O-O 14. Qe2
Qa5 15. Nd2 Rhe8 16. O-O Qg5 17. Nc4 Nd5 18. Ne3 f5 19. Nxd5 Rxd5 20. Bc1 Qf6
21. Qh5 g6 22. Qg5 Qxg5 23. Bxg5 Na5 24. Rfb1 Re6 25. Kf1 Rc6 26. Bd2 Nc4 27.
Ke2 Rb6 28. Rb4 Rc6 29. h4 a6 30. a4 Nb6 31. h5 Ra5 32. hxg6 hxg6 33. Rh1 Rxa4
34. Rh8+ Kd7 35. d5 Rc4 36. Rxb6 cxb6 37. Bf4 Ra5 38. Rh7+ Ke8 39. d6 Rd5 40.
Re7+ Kd8 41. Rxb7 Rc6 42. Ra7 a5 43. g4 Rxc3 44. g5 Rxc2+ 45. Kf1 e3 46. Ra8+
Rc8 47. Ra7 Rd1+ 48. Ke2 exf2 49. Kxf2 Rc6 50. Ra8+ Kd7 51. Ra7+ Kc8 52. Ra8+
Kb7 53. Rd8 a4 54. d7 Rc7 55. Bxc7 Kxc7 56. Ra8 Rxd7 57. Rxa4 Kc6 58. Ra8 Kd5
59. Ke3 Re7+ 60. Kd3 Ke5 61. Rf8 Kf4 0-1

[Event "4NCL/Div4/MET vs. HC"]
[Site "Nottingham ENG"]
[Date "2007.03.25"]
[Round "8.2"]
[White "Briscoe, Christopher"]
[Black "Noden, Nicolas"]
[Result "1-0"]
[WhiteElo "2121"]
[BlackElo "2185"]
[PlyCount "43"]
[EventDate "2007.03.25"]
[EventType "team"]
[EventRounds "11"]
[EventCountry "ENG"]
[WhiteTeam "H Coventry"]
[BlackTeam "Metropolitan"]

1. e4 c5 2. Nf3 d6 3. Bb5+ Bd7 4. Bxd7+ Qxd7 5. O-O Nc6 6. c3 Nf6 7. d4 Nxe4 8.
d5 Ne5 9. Re1 Nxf3+ 10. Qxf3 Nf6 11. c4 e5 12. dxe6 fxe6 13. Bg5 Be7 14. Nc3
O-O 15. Qh3 h6 16. Bh4 Kf7 17. Rad1 g5 18. Bg3 h5 19. Be5 g4 20. Qe3 b6 21. Ne4
d5 22. Qh6 1-0

[Event "4NCL/Div4/MET vs. HC"]
[Site "Nottingham ENG"]
[Date "2007.03.25"]
[Round "8.3"]
[White "Djabri, Zafer M"]
[Black "Stinton-Brownbridge, Michael"]
[Result "1/2-1/2"]
[WhiteElo "2071"]
[BlackElo "2025"]
[PlyCount "110"]
[EventDate "2007.03.25"]
[EventType "team"]
[EventRounds "11"]
[EventCountry "ENG"]
[WhiteTeam "Metropolitan"]
[BlackTeam "H Coventry"]

1. c4 Nf6 2. Nc3 g6 3. g3 Bg7 4. Bg2 O-O 5. e4 d6 6. Nge2 c6 7. O-O Nbd7 8. h3
Qb6 9. d4 c5 10. d5 Ne5 11. b3 a6 12. f4 Ned7 13. Bb2 Qc7 14. Qd3 b5 15. cxb5
Qb6 16. Kh2 axb5 17. Qxb5 Qxb5 18. Nxb5 Ng4+ 19. hxg4 Bxb2 20. Rab1 Rxa2 21.
Nbc3 Bxc3 22. Nxc3 Rc2 23. Rfc1 Rxc1 24. Rxc1 Nf6 25. g5 Ng4+ 26. Kg1 Bb7 27.
Bf3 h5 28. Bxg4 hxg4 29. Ra1 Ra8 30. Rxa8+ Bxa8 31. Kf2 Kf8 32. Ke3 Bb7 33. f5
gxf5 34. exf5 e6 35. fxe6 fxe6 36. dxe6 Ke7 37. Kf4 Bc8 38. Nd5+ Kxe6 39. Ne3
d5 40. Nxg4 d4 41. Ne5 Bb7 42. g6 Bd5 43. g7 Kf6 44. Nd7+ Kxg7 45. Nxc5 Kg6 46.
Ke5 d3 47. Nxd3 Bxb3 48. Kf4 Bd1 49. Nf2 Be2 50. Ke3 Bh5 51. Kf4 Be2 52. Ng4
Bd1 53. Ne5+ Kf6 54. Nf3 Bxf3 55. Kxf3 Kf5 1/2-1/2

[Event "4NCL/Div4/MET vs. HC"]
[Site "Nottingham ENG"]
[Date "2007.03.25"]
[Round "8.4"]
[White "Forman, Karl L"]
[Black "Calvert, D Ian"]
[Result "1/2-1/2"]
[WhiteElo "2035"]
[BlackElo "2066"]
[PlyCount "55"]
[EventDate "2007.03.25"]
[EventType "team"]
[EventRounds "11"]
[EventCountry "ENG"]
[WhiteTeam "H Coventry"]
[BlackTeam "Metropolitan"]

1. e4 d5 2. exd5 Qxd5 3. Nc3 Qd6 4. Nf3 Nf6 5. Bc4 a6 6. O-O b5 7. Bb3 Bb7 8.
d4 e6 9. Qe2 Be7 10. Bg5 O-O 11. Rfe1 c5 12. a4 b4 13. Bxf6 Bxf6 14. Ne4 Bxe4
15. Qxe4 Nc6 16. d5 exd5 17. Bxd5 Rac8 18. Rad1 Qc7 19. Bxc6 Qxc6 20. Qxc6 Rxc6
21. Ne5 Re6 22. Nd7 Rxe1+ 23. Rxe1 Rc8 24. Nxc5 a5 25. b3 h6 26. Ne4 Rxc2 27.
Nxf6+ gxf6 28. Kf1 1/2-1/2

[Event "4NCL/Div4/MET vs. HC"]
[Site "Nottingham ENG"]
[Date "2007.03.25"]
[Round "8.5"]
[White "Djabri, Katherine"]
[Black "Goodwin, Ed"]
[Result "0-1"]
[WhiteElo "2027"]
[BlackElo "1985"]
[PlyCount "40"]
[EventDate "2007.03.25"]
[EventType "team"]
[EventRounds "11"]
[EventCountry "ENG"]
[WhiteTeam "Metropolitan"]
[BlackTeam "H Coventry"]

1. e4 e6 2. d4 d5 3. exd5 exd5 4. c4 Bb4+ 5. Nc3 Ne7 6. Nf3 Bg4 7. Be2 O-O 8.
O-O Nbc6 9. Be3 Re8 10. Qb3 Bxc3 11. Qxc3 Nf5 12. cxd5 Nce7 13. Qb3 Nxd5 14.
Bc4 Bxf3 15. gxf3 Nfxe3 16. fxe3 Rxe3 17. Qxb7 Nf4 18. Kh1 Rb8 19. Qxa7 Rxb2
20. Rab1 Rxh2+ 0-1

[Event "4NCL/Div4/MET vs. HC"]
[Site "Nottingham ENG"]
[Date "2007.03.25"]
[Round "8.6"]
[White "Foord, Dominic"]
[Black "Fegan, Chris"]
[Result "0-1"]
[WhiteElo "1905"]
[BlackElo "2058"]
[PlyCount "54"]
[EventDate "2007.03.25"]
[EventType "team"]
[EventRounds "11"]
[EventCountry "ENG"]
[WhiteTeam "H Coventry"]
[BlackTeam "Metropolitan"]

1. e4 d6 2. d4 Nf6 3. Nc3 g6 4. f4 Bg7 5. Nf3 c5 6. dxc5 Qa5 7. Qd3 O-O 8. Qb5
Qc7 9. cxd6 exd6 10. Bd3 Nc6 11. O-O h6 12. Nd5 Nxd5 13. exd5 Ne7 14. Be3 a6
15. Qb3 b5 16. Nd4 Bb7 17. Be4 Rac8 18. f5 Bxd4 19. Bxd4 Qc4 20. Qe3 Nxd5 21.
Qf2 Rce8 22. Bd3 Qc6 23. Qg3 g5 24. f6 Nb4 25. h4 Qd5 26. Qg4 Nxd3 27. Rf5 Qe4
0-1

[Event "4NCL/Div4/CONQ1 vs. FCA2"]
[Site "Nottingham ENG"]
[Date "2007.03.25"]
[Round "8.1"]
[White "Prizant, Michael"]
[Black "Fraser-Mitchell, Jeremy"]
[Result "1/2-1/2"]
[WhiteElo "2140"]
[BlackElo "2073"]
[PlyCount "51"]
[EventDate "2007.03.25"]
[EventType "team"]
[EventRounds "11"]
[EventCountry "ENG"]
[WhiteTeam "Conquistadors 1"]
[BlackTeam "FCA Solutions 2"]

1. e4 e6 2. d4 d5 3. Nc3 Bb4 4. e5 c5 5. Qg4 Ne7 6. dxc5 Nbc6 7. Bd2 Ng6 8. Nf3
Bxc5 9. Bd3 O-O 10. Qh5 Nb4 11. O-O Nxd3 12. cxd3 Bd7 13. Ng5 h6 14. Nf3 Qe8
15. Rae1 f6 16. exf6 Rxf6 17. Nxd5 Rf5 18. Qxf5 exf5 19. Rxe8+ Rxe8 20. Rc1 Bd6
21. Nc3 Ne5 22. Nxe5 Bxe5 23. Be3 a6 24. d4 Bd6 25. g3 g5 26. Bd2 1/2-1/2

[Event "4NCL/Div4/CONQ1 vs. FCA2"]
[Site "Nottingham ENG"]
[Date "2007.03.25"]
[Round "8.2"]
[White "Goldsworthy, Patrick"]
[Black "Turner, Caius"]
[Result "1/2-1/2"]
[WhiteElo "2089"]
[BlackElo "2110"]
[PlyCount "87"]
[EventDate "2007.03.25"]
[EventType "team"]
[EventRounds "11"]
[EventCountry "ENG"]
[WhiteTeam "FCA Solutions 2"]
[BlackTeam "Conquistadors 1"]

1. d4 b5 2. e4 Bb7 3. Bd3 e6 4. Ne2 c5 5. c3 a6 6. Bf4 Nf6 7. Nd2 Nc6 8. O-O
Qb6 9. dxc5 Bxc5 10. Nb3 d5 11. Nxc5 Qxc5 12. e5 Ng4 13. Ng3 Ngxe5 14. Nh5
O-O-O 15. b4 Qxc3 16. Bxb5 axb5 17. Rc1 Qd3 18. Bxe5 Qxd1 19. Rfxd1 f6 20. Bd4
Kd7 21. Nxg7 Nxd4 22. Rxd4 Ra8 23. Nh5 Rhc8 24. Rxc8 Rxc8 25. Kf1 e5 26. Rg4
Rc1+ 27. Ke2 Rc2+ 28. Ke1 Kd6 29. Rg7 Bc8 30. Nxf6 Bf5 31. g4 Bd3 32. g5 Re2+
33. Kd1 Rxf2 34. Rd7+ Ke6 35. Rxd5 Bc4 36. Rxe5+ Kxe5 37. Ng4+ Kf4 38. Nxf2
Kxg5 39. a3 Kf4 40. Ke1 Kf3 41. Nd1 h5 42. Nc3 h4 43. a4 bxa4 44. Nxa4 1/2-1/2

[Event "4NCL/Div4/CONQ1 vs. FCA2"]
[Site "Nottingham ENG"]
[Date "2007.03.25"]
[Round "8.3"]
[White "Atako, Chino"]
[Black "Freeman, Richard C P"]
[Result "1-0"]
[WhiteElo "2174"]
[BlackElo "2106"]
[PlyCount "69"]
[EventDate "2007.03.25"]
[EventType "team"]
[EventRounds "11"]
[EventCountry "ENG"]
[WhiteTeam "Conquistadors 1"]
[BlackTeam "FCA Solutions 2"]

1. e4 c5 2. Nc3 Nc6 3. f4 g6 4. Nf3 Bg7 5. Bb5 Nd4 6. O-O Nxb5 7. Nxb5 d5 8.
exd5 a6 9. Nc3 Nf6 10. d4 Nxd5 11. dxc5 Nxc3 12. bxc3 Qc7 13. Be3 Bxc3 14. Rb1
O-O 15. Qd5 Rb8 16. Nd4 Rd8 17. Qc4 Bxd4 18. Bxd4 Be6 19. Qc3 Rbc8 20. a4 Rd5
21. a5 Rcd8 22. Be3 Bd7 23. Qb4 Bc6 24. Rbe1 Qd7 25. h3 Qf5 26. c3 Rd3 27. Qb2
Qh5 28. Bd4 Rg3 29. Rf2 Qxh3 30. Rxe7 Qh4 31. Qe2 Rg4 32. Qe5 Rxd4 33. cxd4 Qh3
34. d5 Bb5 35. c6 1-0

[Event "4NCL/Div4/CONQ1 vs. FCA2"]
[Site "Nottingham ENG"]
[Date "2007.03.25"]
[Round "8.4"]
[White "Williamson, Kevin J"]
[Black "Foster, James C"]
[Result "1-0"]
[WhiteElo "2017"]
[BlackElo "1914"]
[PlyCount "49"]
[EventDate "2007.03.25"]
[EventType "team"]
[EventRounds "11"]
[EventCountry "ENG"]
[WhiteTeam "FCA Solutions 2"]
[BlackTeam "Conquistadors 1"]

1. d4 d6 2. Nc3 Nd7 3. Nf3 e5 4. dxe5 dxe5 5. e4 c6 6. Bc4 Be7 7. O-O Ngf6 8.
Bg5 O-O 9. a4 Qc7 10. Qe2 h6 11. Bh4 Re8 12. Rfd1 a6 13. Bg3 Bb4 14. Bxf7+ Kxf7
15. Qc4+ Kf8 16. Qxb4+ Kg8 17. Qc4+ Kh7 18. Nd5 Qd8 19. Ne3 Qe7 20. Nf5 Nb6 21.
Qb3 Bxf5 22. exf5 e4 23. Nd4 Qc5 24. Ne6 Rxe6 25. fxe6 1-0

[Event "4NCL/Div4/CONQ1 vs. FCA2"]
[Site "Nottingham ENG"]
[Date "2007.03.25"]
[Round "8.5"]
[White "Winchcombe, Andrew"]
[Black "Kendall, Paul S N"]
[Result "1-0"]
[WhiteElo "1895"]
[BlackElo "2080"]
[PlyCount "131"]
[EventDate "2007.03.25"]
[EventType "team"]
[EventRounds "11"]
[EventCountry "ENG"]
[WhiteTeam "Conquistadors 1"]
[BlackTeam "FCA Solutions 2"]

1. e4 e5 2. Nf3 Nc6 3. Bc4 Nf6 4. d3 d5 5. exd5 Nxd5 6. O-O Be7 7. h3 O-O 8.
Bd2 Bf6 9. Nc3 Nb6 10. Bb3 a5 11. a3 Bf5 12. Re1 Nd4 13. Ba2 Re8 14. Ne4 Bxe4
15. Rxe4 Na4 16. Rb1 Nc5 17. Re1 a4 18. Nxd4 exd4 19. Bxf7+ Kxf7 20. Qh5+ Kg8
21. Qxc5 Qd7 22. Bf4 c6 23. Kf1 b5 24. Qh5 g6 25. Qf3 Rf8 26. Qg3 Rae8 27. Bh6
Rxe1+ 28. Rxe1 Rc8 29. Qf3 Qf7 30. Bd2 c5 31. Qe4 c4 32. Bb4 cxd3 33. Qxd3 Qc4
34. Qxc4+ bxc4 35. Ke2 d3+ 36. cxd3 Bxb2 37. dxc4 Rxc4 38. Kd3 Rc8 39. Re6 Ra8
40. Rc6 Ra7 41. Kc4 Rf7 42. f3 Rf5 43. Rc5 Kf7 44. Kb5 Ke6 45. Kxa4 Rxc5 46.
Bxc5 Kd5 47. Kb3 Bc1 48. Bf2 h5 49. a4 Bd2 50. Kc2 Ba5 51. Kd3 Bb4 52. Bb6 Bd6
53. a5 Kc6 54. Ke4 Bg3 55. f4 h4 56. f5 gxf5+ 57. Kxf5 Kb5 58. Kg4 Ka6 59. Bd8
Be1 60. Bxh4 Bxa5 61. Bf6 Kb7 62. h4 Kc6 63. h5 Bd2 64. Kf5 Kd7 65. Kg6 Ke8 66.
h6 1-0

[Event "4NCL/Div4/CONQ1 vs. FCA2"]
[Site "Nottingham ENG"]
[Date "2007.03.25"]
[Round "8.6"]
[White "Majer, Chris E"]
[Black "Auckland, Elliott"]
[Result "1/2-1/2"]
[WhiteElo "2012"]
[BlackElo "1850"]
[PlyCount "78"]
[EventDate "2007.03.25"]
[EventType "team"]
[EventRounds "11"]
[EventCountry "ENG"]
[WhiteTeam "FCA Solutions 2"]
[BlackTeam "Conquistadors 1"]

1. e4 e5 2. Bc4 Nc6 3. Nc3 Nf6 4. d3 Na5 5. Bb3 Nxb3 6. axb3 d5 7. Bg5 dxe4 8.
Nxe4 Be7 9. Qe2 Nxe4 10. Bxe7 Qxe7 11. Qxe4 f5 12. Qc4 c6 13. Nf3 e4 14. dxe4
Qxe4+ 15. Qxe4+ fxe4 16. Nd2 O-O 17. O-O Bf5 18. Nc4 Rf6 19. Rfd1 b5 20. Ne3
Bg6 21. b4 Raf8 22. Rd2 R6f7 23. Ra6 Rc8 24. h3 Re7 25. Rd6 Be8 26. c3 Rcc7 27.
Kf1 Kf7 28. Ke2 Re6 29. Rd4 c5 30. Rdd6 Rxd6 31. Rxd6 cxb4 32. cxb4 g6 33. Kd2
Bc6 34. g3 Ke7 35. Rd4 Ke6 36. Nd1 Rf7 37. Rd8 Rd7+ 38. Rxd7 Bxd7 39. Ke3 Kd5
1/2-1/2

[Event "4NCL/Div4/ANGA vs. HAL"]
[Site "Nottingham ENG"]
[Date "2007.03.25"]
[Round "8.1"]
[White "Munson, Shaun D"]
[Black "Walker, Nicholas A"]
[Result "0-1"]
[WhiteElo "2203"]
[BlackElo "2115"]
[PlyCount "110"]
[EventDate "2007.03.25"]
[EventType "team"]
[EventRounds "11"]
[EventCountry "ENG"]
[WhiteTeam "Ang Avengers"]
[BlackTeam "Halesowen"]

1. d4 d5 2. Bg5 Qd6 3. Qd2 Nf6 4. Nc3 Nbd7 5. O-O-O b6 6. Bf4 Qc6 7. f3 Ba6 8.
g4 e6 9. h4 Bd6 10. Bg2 b5 11. e4 b4 12. exd5 bxc3 13. dxc6 cxd2+ 14. Bxd2 Nb6
15. b3 Ba3+ 16. Kb1 Rb8 17. Nh3 Nc4 18. Nf4 Nxd2+ 19. Rxd2 Bb4 20. Rdd1 O-O 21.
Bf1 Bxf1 22. Rhxf1 Nd5 23. Nxd5 exd5 24. Kb2 Rfe8 25. a3 Bd6 26. Rfe1 Kf8 27.
Rxe8+ Rxe8 28. Rd3 Re2 29. b4 g6 30. b5 Rh2 31. a4 Rxh4 32. a5 h5 33. Rb3 hxg4
34. fxg4 Rxg4 35. c3 Rg2+ 36. Kb1 Re2 37. b6 cxb6 38. axb6 axb6 39. Rxb6 Re8
40. Kc2 Rc8 41. c4 dxc4 42. Kc3 g5 43. Kxc4 g4 44. Kd5 Ke7 45. Rb2 Bc7 46. Re2+
Kf6 47. Rf2+ Kg6 48. Kc5 g3 49. Rg2 f5 50. d5 Rd8 51. Rd2 Bd6+ 52. Kd4 Kg5 53.
Re2 f4 54. Re6 g2 55. Re1 f3 0-1

[Event "4NCL/Div4/ANGA vs. HAL"]
[Site "Nottingham ENG"]
[Date "2007.03.25"]
[Round "8.2"]
[White "Palmer, Ryan"]
[Black "White, Russell P"]
[Result "0-1"]
[WhiteElo "2010"]
[BlackElo "2210"]
[PlyCount "76"]
[EventDate "2007.03.25"]
[EventType "team"]
[EventRounds "11"]
[EventCountry "ENG"]
[WhiteTeam "Halesowen"]
[BlackTeam "Ang Avengers"]

1. e4 e5 2. f4 Bc5 3. Nf3 d6 4. d4 exd4 5. Nxd4 Nf6 6. Nc3 Qe7 7. Qd3 O-O 8.
Be2 Bb4 9. Bf3 Bxc3+ 10. bxc3 Nxe4 11. O-O Nf6 12. Rb1 d5 13. Nb5 Re8 14. Ba3
Qd8 15. Rfe1 Bd7 16. Rxe8+ Bxe8 17. Re1 Nc6 18. c4 a6 19. g4 axb5 20. cxb5 Rxa3
21. Qxa3 Nd4 22. g5 Nxf3+ 23. Qxf3 Ne4 24. c4 c6 25. Rd1 Qb6+ 26. Kg2 Qc5 27.
cxd5 cxd5 28. a4 f6 29. Qe2 Bf7 30. Qb2 Nc3 31. Qc1 d4 32. Rd2 Bd5+ 33. Kf1
Qc4+ 34. Ke1 d3 35. Qa3 Qe4+ 36. Kf2 Qxf4+ 37. Ke1 Qe3+ 38. Kf1 Qxd2 0-1

[Event "4NCL/Div4/ANGA vs. HAL"]
[Site "Nottingham ENG"]
[Date "2007.03.25"]
[Round "8.3"]
[White "Gregory, Stephen J"]
[Black "Pugh, Glyn D"]
[Result "1-0"]
[WhiteElo "2137"]
[BlackElo "2000"]
[PlyCount "81"]
[EventDate "2007.03.25"]
[EventType "team"]
[EventRounds "11"]
[EventCountry "ENG"]
[WhiteTeam "Ang Avengers"]
[BlackTeam "Halesowen"]

1. e4 e6 2. d3 d5 3. Nd2 c5 4. Ngf3 Nc6 5. g3 Be7 6. Bg2 Nf6 7. O-O Qc7 8. Re1
dxe4 9. dxe4 e5 10. c3 O-O 11. Qc2 Re8 12. Nf1 h6 13. Bd2 Be6 14. h3 Rad8 15.
Rad1 c4 16. Be3 Nd7 17. g4 Qa5 18. b4 cxb3 19. axb3 Rc8 20. Ng3 Qc7 21. Qb1 a6
22. Nf5 Bf8 23. Kh1 Kh7 24. g5 h5 25. g6+ fxg6 26. Ng5+ Kg8 27. Nh4 Bf7 28. Bf3
Nf6 29. Be2 b5 30. Rg1 Ne7 31. c4 Red8 32. cxb5 Rxd1 33. Qxd1 Rd8 34. Qb1 axb5
35. Bxb5 Qc8 36. Kh2 Be8 37. Bc4+ Kh8 38. Ne6 Bd7 39. Nxd8 Qxd8 40. f3 Qc8 41.
Qf1 1-0

[Event "4NCL/Div4/ANGA vs. HAL"]
[Site "Nottingham ENG"]
[Date "2007.03.25"]
[Round "8.4"]
[White "Bull, Philip"]
[Black "Reynolds, D Ian"]
[Result "1/2-1/2"]
[WhiteElo "1915"]
[BlackElo "2093"]
[PlyCount "66"]
[EventDate "2007.03.25"]
[EventType "team"]
[EventRounds "11"]
[EventCountry "ENG"]
[WhiteTeam "Halesowen"]
[BlackTeam "Ang Avengers"]

1. d4 Nf6 2. e3 d5 3. f4 Bf5 4. Nf3 c5 5. c3 e6 6. Bb5+ Nc6 7. Ne5 Qb6 8. Bxc6+
bxc6 9. Nd2 Be7 10. O-O h6 11. Qe2 cxd4 12. exd4 c5 13. Nb3 c4 14. Nd2 Nd7 15.
Qf3 Nxe5 16. fxe5 O-O 17. Qg3 Bg5 18. Rf2 Bxd2 19. Bxd2 Qxb2 20. Raf1 Bg6 21.
Bxh6 Qa3 22. Bc1 Qe7 23. Rf4 Rab8 24. Rh4 Rb1 25. Qh3 f6 26. Rh8+ Kf7 27. exf6
gxf6 28. Rxf8+ Qxf8 29. Qg3 Bd3 30. Re1 Qg7 31. Qc7+ Kg6 32. Qg3+ Kf7 33. Qc7+
Kg6 1/2-1/2

[Event "4NCL/Div4/ANGA vs. HAL"]
[Site "Nottingham ENG"]
[Date "2007.03.25"]
[Round "8.5"]
[White "Ruthen, Steven"]
[Black "Llewelyn, John D"]
[Result "1-0"]
[WhiteElo "2110"]
[BlackElo "1845"]
[PlyCount "83"]
[EventDate "2007.03.25"]
[EventType "team"]
[EventRounds "11"]
[EventCountry "ENG"]
[WhiteTeam "Ang Avengers"]
[BlackTeam "Halesowen"]

1. f4 d6 2. e4 g6 3. Nf3 Bg7 4. Be2 Nd7 5. O-O Ngf6 6. d3 e5 7. Nc3 Qe7 8. Qe1
Nh5 9. Nd5 Qd8 10. f5 c6 11. Ne3 Qb6 12. Kh1 Ndf6 13. Nh4 Qc7 14. g3 Bd7 15. c4
O-O-O 16. Bd2 g5 17. Nhg2 Bf8 18. b4 Ng7 19. Nd1 b6 20. Bxg5 Nge8 21. a4 Qb7
22. b5 a5 23. bxc6 Bxc6 24. Nc3 h6 25. Bh4 Be7 26. Nd5 Bxd5 27. cxd5 Ng8 28.
Bxe7 Nxe7 29. Qf2 Kd7 30. Rab1 Nc8 31. Ne3 Nc7 32. f6 Na6 33. Qf5+ Ke8 34. Qg4
h5 35. Qg7 Rf8 36. d4 Nc7 37. dxe5 dxe5 38. Rf5 Kd7 39. Rxe5 Kd6 40. Rxh5 Kd7
41. Bg4+ Kd6 42. Rc1 1-0